00520 2200205 4500001002100000008004100021035002000062245007400082100001600156250000600172260004100178300001100219084001400230082000800244650001400252990001200266990001200278990001200290990001200302INLIS000000000000553 ind  a0010-0424000529 aEnsiklopedia Seni Budaya; Cara Terbaru Belajar Piano PopcPiet Tompoh aTompoh Piet a1 aYogyakarta :bCitra Aji Paramac2013 a80 hlm a700 PIE e a700 aNon Fiksi a0722240 a0722241 a0722242 a0722243